000 00624nam a2200241 a 4500
001 nice12345678
003 IN_TiNIC
005 20260116012529.0
008 050524s1982 khaa grp 000 0 eng
020 _a
_c100
082 0 0 _a305.6297053
_bMRB
100 _aMuslim Religious Board,
245 _aMuslims of the Soviet East
260 _aKhazakhstan
_bMuslims Religious Board
_c1982
300 _a19p
500 _aincludes index and biblioraphy
505 2 _aIndex, Bibliography
650 _aMuslims-Central Asia
700 1 _aMuslim Religious Board,
902 _bSRS
942 _cBK
999 _c7375
_d7375